Normal view
MARC view
- NC MUHAMMAD SIRAJ HASHMI PC SYED IJLAL HUSSAIN KAZMI PC MUHAMMAD AQIB RIAZ NC QASIM BIN MEHMOOD
Entry Personal Name
001 - CONTROL NUMBER
- control field: 70640
003 - CONTROL NUMBER IDENTIFIER
- control field: NUST
005 - DATE AND TIME OF LATEST TRANSACTION
- control field: 20210628204529.0
008 - FIXED-LENGTH DATA ELEMENTS
- fixed length control field: 210628|| aca||aabn | a|a d
040 ## - CATALOGING SOURCE
- Original cataloging agency: NUST
- Transcribing agency: NUST
100 ## - HEADING--PERSONAL NAME
- Personal name: NC MUHAMMAD SIRAJ HASHMI PC SYED IJLAL HUSSAIN KAZMI PC MUHAMMAD AQIB RIAZ NC QASIM BIN MEHMOOD
670 ## - SOURCE DATA FOUND
- Source citation: Work cat.: (NUST): NC MUHAMMAD SIRAJ HASHMI PC SYED IJLAL HUSSAIN KAZMI PC MUHAMMAD AQIB RIAZ NC QASIM BIN MEHMOOD , PR-SOF-1839-CLOUD GAMING SERVICE, 2019
